Finaliści Masters Snooker - Statystyki

Ogólne statystyki
  • Ten quiz został rozwiązany 90 razy
    51 od ostatniego zresetowania
  • Średni wynik to 16 z 36
Statystyki odpowiedzi
Bilans Narodowość Zawodnik % Poprawnych
7-6 Anglia Ronnie O'Sullivan
95%
1-0 Anglia Judd Trump
90%
1-2 Australia Neil Robertson
83%
2-1 Walia Mark J. Williams
78%
6-3 Szkocja Stephen Hendry
78%
3-2 Anglia Mark Selby
76%
1-0 Irlandia Płn. Mark Allen
73%
1-1 Anglia Shaun Murphy
71%
1-0 Anglia Stuart Bingham
68%
0-1 Hongkong Marco Fu
66%
3-0 Anglia Steve Davis
66%
1-1 Chiny Ding Junhui
63%
2-2 Szkocja John Higgins
61%
0-1 Anglia Kyren Wilson
59%
0-1 Anglia Ali Carter
54%
0-2 Irlandia Ken Doherty
54%
2-3 Irlandia Płn. Alex Higgins
49%
0-1 Tajlandia James Wattana
41%
1-0 Walia Matthew Stevens
39%
3-1 Kanada Cliff Thorburn
34%
1-1 Anglia Jimmy White
34%
1-3 Walia Ray Reardon
32%
0-1 Anglia Barry Hawkins
29%
1-0 Irlandia Płn. Dennis Taylor
29%
3-0 Anglia Paul Hunter
27%
0-1 Anglia Joe Perry
22%
0-3 Anglia John Parrott
17%
0-1 Irlandia Fergal O'Brien
15%
0-1 Anglia Stephen Lee
15%
1-0 Szkocja Alan McManus
12%
1-3 Walia Terry Griffiths
10%
1-0 Anglia John Spencer
7%
1-0 RPA Perrie Mans
7%
0-2 Anglia Mike Hallett
5%
1-1 Walia Doug Mountjoy
2%
0-1 Anglia Graham Miles
0%
Nie znaleziono quizów pasujących do podanych kryteriów
Rozkład punktacji
Procent ludzi z każdym wynikiem
Percentyl według liczby udzielonych odpowiedzi
Twoja historia wyników
Nie rozwiązałeś tego quizu od ostatniego zresetowania